000 00283nam a2200121 i 4500
001 bg
245 0 _aWybrane zagadnienia trwałości budowli rolniczych.
260 _aSzczecin,
_c1984.
040 _cBPK
041 _apol
942 _cKS
008 s pl f |000 0 pol
999 _c23342
_d23342
856 _uhttp://koha.tu.koszalin.pl/cgi-bin/koha/opac-detail.pl?biblionumber=23342
_yKatalog online BPK